000 00839cam a2200277 4500
001 23979
003 BD-RjUL
005 20211209001008.0
008 140312s1972 ii 010 0beng d
035 _a(BD-RjUL)24044
040 _aDLC
_cDLC
_dDLC
_dBD-RjUL
_beng
041 _aeng
082 0 0 _a491.1
_bSKD 1972
245 0 0 _aS. K. De memorial volume /
_cEditors: R. C. Hazra and S. C. Banerji.
260 _aCalcutta :
_bFirma K. L. Mukhopadhyay,
_c1972.
300 _axiv, 378 p. ;
_c23 cm.
350 _aRs60.00
600 1 0 _aDe, Sushil Kumar.
_967422
650 0 _aIndic philology.
_968355
700 1 _aDe, Sushil Kumar.
_967422
700 1 _aHazra, R. C.
_q(Rajendra Chandra),
_d1905-1982,
_eed.
_973838
700 1 _aBanerji, Sures Chandra,
_d1917-
_95589
942 _2ddc
_cBK
999 _c23979
_d23979